000 00625nam a22001937a 4500
005 20170621110746.0
010 _aENG-118820
020 _a9788178244761
_c595.00
035 _aEN-102352
037 _bDBAD/PUB
082 _a322.50954
100 _aWilkinson, Steven I.
245 _aArmy and nation:
_bThe military and indian democracy since independence /
_cby Steven I. Wilkinson
260 _aRanikhet
_bPermanent Black
_c2017
270 _a'Himalyana' , Mall Road, Ranikhet Cantt, Ranikhet-263645.
300 _a295p
_c22cm.(pbk)
500 _aIncludes Index
942 _2ddc
_cEN
_h322.50954
_mWIL
999 _c141591
_d141591